A course in constructive algebra

Αποθηκεύτηκε σε:
Λεπτομέρειες βιβλιογραφικής εγγραφής
Κύριος συγγραφέας: Mines, Ray
Άλλοι συγγραφείς: Richman, Fred 1938-, Ruitenburg, Wim
Μορφή: Βιβλίο
Γλώσσα:English
Δημοσίευση: New York : Springer-Verlag, c1988
Σειρά:Universitext
Θέματα:
Ετικέτες: Προσθήκη ετικέτας
Δεν υπάρχουν, Καταχωρήστε ετικέτα πρώτοι!

MARC

LEADER 00000nam a2200000 i 4500
001 1/74935
008 080219s1988 eng d
020 |a 0-387-96640-4 
020 |a 3-540-96640-4 
035 |l 10094787 
040 |a GR-MY-UA  |b gre  |e aacr 
041 0 |a eng 
082 0 |a 512  |2 (22) 
100 1 |a Mines, Ray. 
245 1 2 |a A course in constructive algebra /  |c Ray Mines, Fred Richman, Wim Ruitenburg 
260 |a New York :   |b Springer-Verlag,   |c c1988 
300 |a xi, 344 σ.;  |c 24 εκ. 
490 1 |a Universitext 
504 |a Περιέχει βιβλιογραφικές παραπομπές (σ. 335-338) και ευρετήριο 
650 0 0 |a Algebra. 
700 1 |a Richman, Fred  |d 1938- 
700 1 |a Ruitenburg, Wim. 
830 0 |a Universitext 
852 |a INST  |b SAMOS  |e 20080219  |h 512 MIN  |p 005300026821  |q 005300026821  |t BK  |y 0 
901 |a BIBL3-2008-1 
909 |a Σ  |b 142316 
922 |a 3ΕΛΗ  |b 200712  |c ΕΠΕΑΕΚ2/ΤΜΗΜΑ ΜΑΘΗΜΑΤΙΚΩΝ  |d ΠΑΠΑΣΩΤΗΡΙΟΥ 
970 |a ΡΟΥΣΣΟΥ  |b ΚΩΝΣΤΑΝΤΙΝΑ  |z 2008/02/19